000 00710nam a2200289Ia 4500
005 20260324124440.0
008 008 260324s9999 xx 000 0 eng d
020 _a9781315245898
037 _aEBOOK
040 _aCRL
040 _beng
040 _cCRL
041 _2eng
041 _aeng
084 _qCRL
100 _aDavid West
_91174197
245 0 _aProject Sponsorship
245 3 _bAn Essential Guide for Those Sponsoring Projects Within Their Organizations
260 _bTaylor and Francis
260 _c2010
365 _a
365 _b300
856 _uhttp://www.taylorfrancis.com/books/9781315245898
942 _cEBOOK
999 _c1768576
_d1768576